The surprise garden / (Record no. 2921)

MARC details
000 -LEADER
fixed length control field 00931cam a2200289 a 4500
005 - DATE AND TIME OF LATEST TRANSACTION
control field 20250828152201.0
020 ## - INTERNATIONAL STANDARD BOOK NUMBER
International Standard Book Number 0590100769
040 ## - CATALOGING SOURCE
Original cataloging agency DLC
Transcribing agency DLC
Modifying agency DLC
Language of cataloging eng
050 00 - LIBRARY OF CONGRESS CALL NUMBER
Classification number PZ7.H1528
Item number 1998
082 00 - DEWEY DECIMAL CLASSIFICATION NUMBER
Classification number 813.6
100 1# - MAIN ENTRY--PERSONAL NAME
Personal name Hall, Zoe
Dates associated with a name 1957-
245 14 - TITLE STATEMENT
Title The surprise garden /
Statement of responsibility, etc. by Zoe Hall ; illustrated by Shari Halpern.
250 ## - EDITION STATEMENT
Edition statement First Scholastic printing , March 1999
260 ## - PUBLICATION, DISTRIBUTION, ETC.
Place of publication, distribution, etc. New York :
Name of publisher, distributor, etc. Blue Sky Press,
Date of publication, distribution, etc. 1998
300 ## - PHYSICAL DESCRIPTION
Extent 29 unnumbered pages :
Other physical details color illustrations ;
Dimensions 29 cm.
505 ## - FORMATTED CONTENTS NOTE
Formatted contents note J <br/>
520 ## - SUMMARY, ETC.
Summary, etc. After sowing unmarked seeds, three youngsters wait expectantly for their garden to grow.
521 ## - TARGET AUDIENCE NOTE
Target audience note 470 <br/>
Source Lexile <br/>
521 ## - TARGET AUDIENCE NOTE
Target audience note J <br/>
Source Raz-Plus <br/>
650 #1 - SUBJECT ADDED ENTRY--TOPICAL TERM
Topical term or geographic name entry element Gardens
General subdivision Fiction.
650 #1 - SUBJECT ADDED ENTRY--TOPICAL TERM
Topical term or geographic name entry element Seeds
General subdivision Fiction.
650 #1 - SUBJECT ADDED ENTRY--TOPICAL TERM
Topical term or geographic name entry element Vegetables
General subdivision Fiction.
700 1# - ADDED ENTRY--PERSONAL NAME
Personal name Halpern, Shari
Relator term illustrator
906 ## - LOCAL DATA ELEMENT F, LDF (RLIN)
a 7
b cbc
c orignew
d 1
e ocip
f 19
g y-gencatlg
942 ## - ADDED ENTRY ELEMENTS (KOHA)
Source of classification or shelving scheme Dewey Decimal Classification
Koha item type Books
Suppress in OPAC No
999 ## -
-- 2921
-- 2921
Holdings
Withdrawn status Lost status Source of classification or shelving scheme Damaged status Not for loan Collection Home library Current library Shelving location Date acquired Total Checkouts Full call number Barcode Date last seen Date last checked out Price effective from Koha item type Copy number
    Dewey Decimal Classification     Non-Fiction Footprints International School Library Network Toul Tom Poung Campus Footprints International School Library Network Toul Tom Poung Campus TTP Primary Dark Blue Bookshelves 01/23/2024 2 HAL 813.6 PZ7.H1528 FISBK05701 05/07/2025 04/24/2025 01/23/2024 Books  
    Dewey Decimal Classification     Non-Fiction Footprints International School Library Network Toul Tom Poung Campus Footprints International School Library Network Toul Tom Poung Campus TTP Primary Dark Blue Bookshelves 08/28/2025 2 HAL 813.6 PZ7.H1528 FISTK01961 11/14/2025 10/31/2025 08/28/2025 Books 2